|
|
|
|
| LEADER |
01247nam a22003371 4500 |
| 001 |
40504 |
| 003 |
BD-DhAAL |
| 008 |
230301t1950 nyu b 000 1 eng d |
| 010 |
|
|
|a 50012196
|
| 035 |
|
|
|a (OCoLC)177336
|
| 040 |
|
|
|a DLC
|c OO
|d OCoLC
|d DLC
|d BD-DhAAL
|
| 050 |
0 |
0 |
|a PZ3.F46
|b H 44
|a PR3454.H5
|
| 082 |
0 |
0 |
|a 823.5
|
| 100 |
1 |
|
|a Fielding, Henry,
|d 1707-1754.
|
| 245 |
1 |
4 |
|a The history of Tom Jones :
|b a foundling.
|c Introduction by George Sherburn.
|
| 260 |
|
|
|a New York :
|b Modern Library,
|c 1950.
|
| 300 |
|
|
|a xxxvi, 885 pages :
|c 19 cm.
|
| 490 |
0 |
|
|a Modern Library college editions,
|v T15
|
| 504 |
|
|
|a Includes bibliographical references (pages xv-xvi).
|
| 541 |
|
|
|a Donated By Akbar Ali Khan
|e 40504
|
| 650 |
|
0 |
|a Identity (Psychology)
|v Fiction.
|
| 650 |
|
0 |
|a Foundlings
|v Fiction.
|
| 650 |
|
0 |
|a Young men
|v Fiction.
|
| 651 |
|
0 |
|a England
|v Fiction.
|
| 655 |
|
7 |
|a Humorous fiction.
|2 gsafd
|
| 655 |
|
7 |
|a Bildungsromans.
|2 gsafd
|
| 740 |
0 |
|
|a Tom Jones.
|
| 852 |
|
|
|a Ayesha Abed Library
|c Akbar Ali Khan Collection
|
| 942 |
|
|
|2 ddc
|c BK
|
| 999 |
|
|
|c 45542
|d 45542
|
| 952 |
|
|
|0 0
|1 0
|2 ddc
|4 0
|6 823_500000000000000_FIE
|7 1
|9 73311
|a BRACUL
|b BRACUL
|c AAKC
|d 2023-03-01
|e Donated By Akbar Ali Khan
|l 0
|o 823.5 FIE
|p 3010040504
|r 2023-03-01
|t 1
|w 2023-03-01
|y BK
|